000 00613cam a22002171 4500
001 sa 68020451
003 DLC
005 20260227112724.0
008 770406q19601969io 000 0 ind
010 _asa 68020451
035 _a(OCoLC)2865515
040 _aDLC
_cOAU
_dOCoLC
_dDLC
042 _apremarc
050 0 0 _aBP178
_b.A18
100 0 _aAboebakar Atjeh,
_cHadji.
245 1 0 _aSembahjang untuk menolak kedjahatan,
_coleh H. Aboebakar Atjeh.
260 _aTjirebon,
_b"Messir"
_c[196-?]
300 _a72 p.
_c18 cm.
490 0 _aSeri perukunan Islam untuk sekolah dan umum
650 0 _aPrayer
_xIslam.
999 _c89429
_d89429